000 00664nam a22002417a 4500
003 UA-OsUOA
001 44804
007 ta
008 20070314b un ||||| |||| 00| 0 ukr d
100 _aЖлуктенко В.І.. Бєгун А.В.
090 _a330.4:519.86
_bЖ76
942 _cBK
040 _aUA-OsUOA
_bukr
_cUA-OsUOA
_dUA-OsUOA
245 _aСхоластичні моделі в економіці
_bМонографія
300 _a352 с.
955 _a2
041 _aukr
080 _a330.4:519.86
020 _a966-574-744-4
260 _aК.
_bКНЕУ
_c2005
650 7 _a330 Економіка взагалі
_2UDC
999 _c330914
_d330914